INSURANCE LAW AND POLICY: CASES AND MATERIALS (Record no. 216275)

MARC details
000 -LEADER
fixed length control field 00541nam a22001817a 4500
008 - FIXED-LENGTH DATA ELEMENTS--GENERAL INFORMATION
fixed length control field 251125b |||||||| |||| 00| 0 eng d
020 ## - INTERNATIONAL STANDARD BOOK NUMBER
International Standard Book Number 978-1-4548-2507-4
100 ## - MAIN ENTRY--PERSONAL NAME
Personal name BAKER, TOM
245 ## - TITLE STATEMENT
Title INSURANCE LAW AND POLICY: CASES AND MATERIALS
250 ## - EDITION STATEMENT
Edition statement 3RD EDITION
260 ## - PUBLICATION, DISTRIBUTION, ETC.
Place of publication, distribution, etc. NEW YORK
Name of publisher, distributor, etc. WOLTERS KLUWER LAW & BUSINESS
Date of publication, distribution, etc. 2013
300 ## - PHYSICAL DESCRIPTION
Extent XXVIII, 678P.
500 ## - GENERAL NOTE
General note INCLUDES BIBLIOGRAPHICAL REFERENCES AND INDEX
650 ## - SUBJECT ADDED ENTRY
Topical term or geographic name entry element INSURANCE LAW-UNITED STATES
700 ## - ADDED ENTRY--PERSONAL NAME
Personal name LOGUE, KYLE
942 ## - ADDED ENTRY ELEMENTS (KOHA)
Source of classification or shelving scheme Library of Congress Classification
Koha item type Long Loan Book
Holdings
Withdrawn status Lost status Source of classification or shelving scheme Damaged status Not for loan Collection Home library Current library Date acquired Total checkouts Full call number Barcode Date last seen Copy number Price effective from Koha item type
    Library of Congress Classification     Law Kisii University Library Kisii University Library 11/25/2025   KF 1163 .B25 2013 000000002861 11/25/2025 1 11/25/2025 Long Loan Book
    Library of Congress Classification     Law Kisii University Library Kisii University Library 11/25/2025   KF 1163 .B25 2013 000000002862 11/25/2025 2 11/25/2025 Long Loan Book
    Library of Congress Classification     Law Kisii University Library Kisii University Library 11/25/2025   KF 1163 .B25 2013 900000002863 11/25/2025 3 11/25/2025 Long Loan Book
    Library of Congress Classification     Law Kisii University Library Kisii University Library 11/25/2025   KF 1163 .B25 2013 000000002864 11/25/2025 4 11/25/2025 Long Loan Book